| 000 | 00441pab a2200169 454500 | ||
|---|---|---|---|
| 008 | 180718b2011 xxu||||| |||| 00| 0 eng d | ||
| 100 | _aNair, Reshmy | ||
| 245 | _aRisk mitigation and crop insurance in India: A performance analysis | ||
| 260 | _c2011 | ||
| 300 | _ap.67-86. | ||
| 362 | _aJan-Jun | ||
| 650 | _aCrops - India | ||
| 650 | _aCrops | ||
| 773 | _aJournal of Social and Economic Development | ||
| 908 | _aN | ||
| 909 | _a91659 | ||
| 999 |
_c91659 _d91659 |
||